Представление документа в формате MARC21

Поле Инд. ПП Название Значение
Тип записи a
Библиографический уровень m
001 Контрольный номер 8c89f9991fc64c35adad2b54604a7eb6
005 Дата корректировки 20211129152406.2
008 Кодируемые данные 211129s2021 ru |||||||||||000|||rus|d
020 a ISBN 978-5-17-114290-2
040 a Служба первич. каталог. ЦГБ г. В. Луки
b Код языка каталог. rus
041 0_ a Код языка текста rus
084 2 Источник индекса rubbk
a Индекс другой классификации/Индекс ББК 63.3(0)
090 x Авторский знак Ч-92
j Имя библиотеки ЦГБ г. В. Луки
097 b Оператор САВ
100 1_ a Автор Чупин Андрей Алексеевич
245 10 a Заглавие Истории для юных бунтарей
b Продолж. заглавия 0+
c Ответственность Андрей Алексеевич Чупин
c Ответственность художники Гульнара и Эльвира Нисаповы
260 a Место издания Москва
b Издательство АСТ, Аванта
c Дата издания 2021
300 a Объем 158, [1] с.
b Иллюстрации/ тип воспроизводства цв. ил.
490 00 a Заглавие серии Истории для мальчиков и девочек
650 14 x Основная подрубрика Всемирная история
653 1_ a Ключевые слова история
901 t Тип документа m